<?xml version="1.0" encoding="UTF-8"?>
<record
    xmlns:xsi="http://www.w3.org/2001/XMLSchema-instance"
    xsi:schemaLocation="http://www.loc.gov/MARC21/slim http://www.loc.gov/standards/marcxml/schema/MARC21slim.xsd"
    xmlns="http://www.loc.gov/MARC21/slim">

  <leader>00594nam a2200193   4500</leader>
  <controlfield tag="005">20251216135635.0</controlfield>
  <controlfield tag="008">251216b        |||||||| |||| 00| 0 eng d</controlfield>
  <datafield tag="020" ind1=" " ind2=" ">
    <subfield code="a">978-93-5696-703-8</subfield>
  </datafield>
  <datafield tag="041" ind1=" " ind2=" ">
    <subfield code="a">Eng</subfield>
  </datafield>
  <datafield tag="082" ind1=" " ind2=" ">
    <subfield code="2">4th/ RP2025</subfield>
    <subfield code="a">P 610.7362 SHA</subfield>
    <subfield code="b">B12071</subfield>
  </datafield>
  <datafield tag="100" ind1=" " ind2=" ">
    <subfield code="a">Sharma, Rimple</subfield>
    <subfield code="9">215531</subfield>
  </datafield>
  <datafield tag="245" ind1=" " ind2=" ">
    <subfield code="a">Essentials of Pediatric Nursing sem V and VI</subfield>
  </datafield>
  <datafield tag="250" ind1=" " ind2=" ">
    <subfield code="a">4th/RP2025</subfield>
  </datafield>
  <datafield tag="260" ind1=" " ind2=" ">
    <subfield code="a">New Delhi</subfield>
    <subfield code="b">Jaypee Brothers Medical Publisher</subfield>
    <subfield code="c">2024</subfield>
  </datafield>
  <datafield tag="300" ind1=" " ind2=" ">
    <subfield code="a">xxi,570p</subfield>
    <subfield code="b">pb</subfield>
    <subfield code="c">26x20.5cm</subfield>
  </datafield>
  <datafield tag="365" ind1=" " ind2=" ">
    <subfield code="a">Rupaye</subfield>
    <subfield code="b">895</subfield>
    <subfield code="c">INR</subfield>
  </datafield>
  <datafield tag="521" ind1=" " ind2=" ">
    <subfield code="a">Essentials of Pediatric Nursing
Sem V and VI </subfield>
  </datafield>
  <datafield tag="942" ind1=" " ind2=" ">
    <subfield code="c">BK</subfield>
  </datafield>
  <datafield tag="999" ind1=" " ind2=" ">
    <subfield code="c">369388</subfield>
    <subfield code="d">369388</subfield>
  </datafield>
  <datafield tag="952" ind1=" " ind2=" ">
    <subfield code="0">0</subfield>
    <subfield code="1">0</subfield>
    <subfield code="2">ddc</subfield>
    <subfield code="4">0</subfield>
    <subfield code="7">0</subfield>
    <subfield code="8">NFIC</subfield>
    <subfield code="a">BTIN</subfield>
    <subfield code="b">BTIN</subfield>
    <subfield code="d">2025-12-04</subfield>
    <subfield code="e">Patil Medical Book</subfield>
    <subfield code="g">554.90</subfield>
    <subfield code="i">2458</subfield>
    <subfield code="l">2</subfield>
    <subfield code="o">P 610.7362 SHA B12071</subfield>
    <subfield code="p">BTIN-BK-12071</subfield>
    <subfield code="q">2026-08-19</subfield>
    <subfield code="r">2026-02-20 11:43:01</subfield>
    <subfield code="s">2026-02-20</subfield>
    <subfield code="t">38%</subfield>
    <subfield code="v">895.00</subfield>
    <subfield code="w">2025-12-04</subfield>
    <subfield code="y">BK</subfield>
    <subfield code="z">BTIN-BK-12071</subfield>
  </datafield>
  <datafield tag="952" ind1=" " ind2=" ">
    <subfield code="0">0</subfield>
    <subfield code="1">0</subfield>
    <subfield code="2">ddc</subfield>
    <subfield code="4">0</subfield>
    <subfield code="7">0</subfield>
    <subfield code="8">NFIC</subfield>
    <subfield code="a">BTIN</subfield>
    <subfield code="b">BTIN</subfield>
    <subfield code="d">2025-12-04</subfield>
    <subfield code="e">Patil Medical Book</subfield>
    <subfield code="g">554.90</subfield>
    <subfield code="i">2458</subfield>
    <subfield code="l">2</subfield>
    <subfield code="m">2</subfield>
    <subfield code="o">P 610.7362 SHA B12072</subfield>
    <subfield code="p">BTIN-BK-12072</subfield>
    <subfield code="r">2026-03-25 13:36:59</subfield>
    <subfield code="s">2026-01-31</subfield>
    <subfield code="t">38%</subfield>
    <subfield code="v">895.00</subfield>
    <subfield code="w">2025-12-04</subfield>
    <subfield code="y">BK</subfield>
    <subfield code="z">BTIN-BK-12072</subfield>
  </datafield>
  <datafield tag="952" ind1=" " ind2=" ">
    <subfield code="0">0</subfield>
    <subfield code="1">0</subfield>
    <subfield code="2">ddc</subfield>
    <subfield code="4">0</subfield>
    <subfield code="7">0</subfield>
    <subfield code="8">NFIC</subfield>
    <subfield code="a">BTIN</subfield>
    <subfield code="b">BTIN</subfield>
    <subfield code="d">2025-12-04</subfield>
    <subfield code="e">Patil Medical Book</subfield>
    <subfield code="g">554.90</subfield>
    <subfield code="i">2458</subfield>
    <subfield code="l">3</subfield>
    <subfield code="m">2</subfield>
    <subfield code="o">P 610.7362 SHA B12073</subfield>
    <subfield code="p">BTIN-BK-12073</subfield>
    <subfield code="q">2026-04-08</subfield>
    <subfield code="r">2026-03-25 12:11:36</subfield>
    <subfield code="s">2026-03-25</subfield>
    <subfield code="t">38%</subfield>
    <subfield code="v">895.00</subfield>
    <subfield code="w">2025-12-04</subfield>
    <subfield code="y">BK</subfield>
    <subfield code="z">BTIN-BK-12073</subfield>
  </datafield>
  <datafield tag="952" ind1=" " ind2=" ">
    <subfield code="0">0</subfield>
    <subfield code="1">0</subfield>
    <subfield code="2">ddc</subfield>
    <subfield code="4">0</subfield>
    <subfield code="7">0</subfield>
    <subfield code="8">NFIC</subfield>
    <subfield code="a">BTIN</subfield>
    <subfield code="b">BTIN</subfield>
    <subfield code="d">2025-12-04</subfield>
    <subfield code="e">Patil Medical Book</subfield>
    <subfield code="g">554.90</subfield>
    <subfield code="i">2458</subfield>
    <subfield code="l">4</subfield>
    <subfield code="m">3</subfield>
    <subfield code="o">P 610.7362 SHA B12074</subfield>
    <subfield code="p">BTIN-BK-12074</subfield>
    <subfield code="q">2026-04-08</subfield>
    <subfield code="r">2026-03-27 10:35:21</subfield>
    <subfield code="s">2026-03-27</subfield>
    <subfield code="t">38%</subfield>
    <subfield code="v">895.00</subfield>
    <subfield code="w">2025-12-04</subfield>
    <subfield code="y">BK</subfield>
    <subfield code="z">BTIN-BK-12074</subfield>
  </datafield>
</record>
